Anorexia y bulimia: consejos para detectarlas y evitarlas (Registro nro. 2467)

Detalles MARC
000 -Cabecera
Campo de control de longitud fija 00719aam a2200277 4500
005 - Fecha y hora de la última transacción
Campo de control 20250821125308.0
008 - Elementos de longitud fija--Información general
Campo de control de longitud fija 150601b2003 xxu||||| |||| 00| 0 spa d
020 ## - International Standard Book Number
Número Internacional Estándar del Libro (ISBN) 9682112540
041 ## - Idioma
Código de idioma Español
082 ## - Clasificación Decimal Dewey
Número de clasificación 616.852.6 E51a
100 ## - Entrada principal--Autor personal
Nombre personal Elliot, Laura
9 (RLIN) 21852
245 ## - Título propiamente dicho
Título Anorexia y bulimia: consejos para detectarlas y evitarlas
260 ## - Pie de imprenta
Lugar de publicación, distribución, etc. México
300 ## - Descripción física
Extensión 95 páginas
490 ## - Serie
Título de la Serie Temática General
650 ## - Materia general
Temática (materia general) ANOREXIA
650 ## - Materia general
Temática (materia general) BULIMIA
650 ## - Materia general
Temática (materia general) TRASTORNOS ALIMENTICIOS
650 ## - Materia general
Temática (materia general) DIETAS
650 ## - Materia general
Temática (materia general) COMEDORES COMPULSIVOS
650 ## - Materia general
Temática (materia general) SÍNTOMAS
650 ## - Materia general
Temática (materia general) DESORDENES DE ALIMENTACIÓN
650 ## - Materia general
Temática (materia general) SICOTERAPIA
650 ## - Materia general
Temática (materia general) PAPEL DE LA FAMILIA
942 ## - Punto de acceso adicional KOHA
Tipo de ítem KOHA Libro
Fuente del sistema de clasificación o colocación Dewey Decimal Classification
Existencias
Signatura completa Código de barras Programa Académico Tipo de ítem
616.852.6 E51a 15326 Temática General Libro